| 000 | 00580nam a2200193Ia 4500 | ||
|---|---|---|---|
| 005 | 20250508164918.0 | ||
| 008 | 008 250505s9999 xx 000 0 hin d | ||
| 037 | _aDissertations | ||
| 040 |
_aFEDL _beng _cFEDL |
||
| 041 |
_ahin _2eng |
||
| 084 |
_a910.7, GAU/DI _qFEDL |
||
| 100 | _aGautam Anand Kumar | ||
| 245 | 0 | _aMadhyamik ster mein bhugol ke antergat manchitra ka sadhan ke roop mein pratya nirman | |
| 260 | _c1999 | ||
| 300 | _a68p. | ||
| 546 | _aM.Ed. Dissertation (Delhi University) | ||
| 942 |
_cDIS _h910.7, GAU/DI |
||
| 999 |
_c1391964 _d1391964 |
||